[Event "Kochan Memorial op 24th"]
[Site "Koszalin"]
[Date "2013.08.17"]
[Round "9"]
[White "Kucharski, Krzysztof"]
[Black "Kowalski, Maciej"]
[Result "0-1"]
[WhiteElo "1864"]
[BlackElo "1932"]
[PlyCount "82"]
[EventDate "2013.08.10"]
[EventType "swiss"]
[EventRounds "9"]
[EventCountry "POL"]
[SourceTitle "CBM 155 Extra"]
[Source "ChessBase"]
[SourceDate "2013.08.26"]
[SourceVersion "1"]
[SourceVersionDate "2013.08.26"]
[SourceQuality "1"]

1. e4 e5 2. Nf3 Nc6 3. Bb5 f5 4. d3 fxe4 5. dxe4 Nf6 6. Bg5 Bc5 7. 0-0 d6 8. Qd3 Be6 9. c3 a5 10. Nbd2 0-0 11. Bc4 Qe8 12. Nh4 Kh8 13. Bxe6 Qxe6 14. Nf5 Rae8 15. Bxf6 Rxf6 16. Nc4 Ref8 17. a4 Qf7 18. Rad1 g6 19. Nfe3 Rxf2 20. Kh1 Qe6 21. Rxf2 Rxf2 22. Rf1 Qf7 23. Rxf2 Qxf2 24. Qf1 Bxe3 25. Nxe3 Qxf1+ 26. Nxf1 Nd8 27. Ne3 Ne6 28. Nc4 Nc5 29. Nxa5 b6 30. Nc4 Nxa4 31. Kg1 b5 32. Na3 c6 33. c4 b4 34. Nc2 c5 35. b3 Nc3 36. Kf1 Kg7 37. Ne3 Kf7 38. Ke1 Ke6 39. h4 h5 40. Nd5 Nxd5 41. cxd5+ Kd7 0-1

[Event "Kochan Memorial op 24th"]
[Site "Koszalin"]
[Date "2013.08.14"]
[Round "6"]
[White "Kucharski, Krzysztof"]
[Black "Lanica, Lukasz"]
[Result "1-0"]
[WhiteElo "1864"]
[BlackElo "1691"]
[PlyCount "41"]
[EventDate "2013.08.10"]
[EventType "swiss"]
[EventRounds "9"]
[EventCountry "POL"]
[SourceTitle "CBM 155 Extra"]
[Source "ChessBase"]
[SourceDate "2013.08.26"]
[SourceVersion "1"]
[SourceVersionDate "2013.08.26"]
[SourceQuality "1"]

1. e4 c6 2. d4 d5 3. exd5 cxd5 4. c4 Nf6 5. Nc3 e6 6. Nf3 Be7 7. Bf4 0-0 8. Be2 dxc4 9. Bxc4 Nbd7 10. 0-0 Nb6 11. Bb3 Nfd5 12. Be5 Bd7 13. Bc2 Nxc3 14. bxc3 Bb5 15. Re1 Rc8 16. Qb1 Rxc3 17. Bxh7+ Kh8 18. d5 Rc5 19. dxe6 fxe6 20. Bxg7+ Kxg7 21. Qg6+ 1-0

[Event "Kochan Memorial op 24th"]
[Site "Koszalin"]
[Date "2013.08.10"]
[Round "1"]
[White "Leszczewska, Edyta"]
[Black "Kucharski, Krzysztof"]
[Result "0-1"]
[WhiteElo "1382"]
[BlackElo "1864"]
[PlyCount "82"]
[EventDate "2013.08.10"]
[EventType "swiss"]
[EventRounds "9"]
[EventCountry "POL"]
[SourceTitle "CBM 155 Extra"]
[Source "ChessBase"]
[SourceDate "2013.08.26"]
[SourceVersion "1"]
[SourceVersionDate "2013.08.26"]
[SourceQuality "1"]

1. e4 c5 2. Nc3 Nc6 3. f4 d6 4. Bc4 e6 5. Nf3 g6 6. d3 Bg7 7. 0-0 Nge7 8. Bd2 0-0 9. Qe1 Rb8 10. Qg3 Nd4 11. Nxd4 Bxd4+ 12. Kh1 Nc6 13. f5 Bg7 14. Bg5 f6 15. Bf4 Ne5 16. Bxe5 dxe5 17. fxg6 hxg6 18. Qxg6 Qe8 19. Qg4 b5 20. Bb3 Kf7 21. Ne2 Rg8 22. Ng3 Ke7 23. Nh5 Bh8 24. Qh4 Rg5 25. Ng3 Bd7 26. Ne2 Qg6 27. Qf2 Rc8 28. Ng3 c4 29. dxc4 bxc4 30. Bxc4 Rxc4 31. Qxa7 Rxg3 32. hxg3 Qh7+ 33. Kg1 Qxe4 34. c3 Qc6 35. Kf2 f5 36. Rh1 Bg7 37. Rad1 Ra4 38. Qb8 Qc5+ 39. Kf1 Bb5+ 40. c4 Bxc4+ 41. Ke1 Qe3# 0-1

[Event "Kochan Memorial op-B 20th"]
[Site "Koszalin"]
[Date "2009.08.11"]
[Round "6"]
[White "Knapik, Andrzej2222"]
[Black "Kucharski, Krzysztof"]
[Result "1-0"]
[WhiteElo "1809"]
[BlackElo "1863"]
[PlyCount "53"]
[EventDate "2009.08.06"]
[EventType "swiss"]
[EventRounds "9"]
[EventCountry "POL"]
[SourceTitle "CBM 132 Extra"]
[Source "ChessBase"]
[SourceDate "2009.11.03"]
[SourceVersion "1"]
[SourceVersionDate "2009.11.03"]
[SourceQuality "1"]

1. e4 c5 2. Nf3 Nc6 3. d4 cxd4 4. Nxd4 Nf6 5. Nc3 e5 6. Ndb5 d6 7. Bg5 a6 8. Na3 b5 9. Nd5 Be7 10. Bxf6 Bxf6 11. c4 Qa5+ 12. Qd2 Qxd2+ 13. Kxd2 Bg5+ 14. Ke1 Rb8 15. cxb5 Nd4 16. Bd3 0-0 17. h4 Bd8 18. bxa6 Rxb2 19. Nc4 Rc2 20. a7 Bb7 21. Nde3 Rxc4 22. Nxc4 Bc7 23. Rb1 Bc6 24. Nb6 Ba8 25. Kd2 Ne6 26. Rhc1 Nc5 27. f3 1-0

[Event "Koszalin op"]
[Site "Koszalin"]
[Date "2008.06.12"]
[Round "6"]
[White "Bartosik, Piotr1111"]
[Black "Kucharski, Krzysztof"]
[Result "1-0"]
[WhiteElo "1988"]
[BlackElo "1879"]
[PlyCount "67"]
[EventDate "2008.06.07"]
[EventType "swiss"]
[EventRounds "9"]
[EventCountry "POL"]
[SourceTitle "EXT 2009"]
[Source "ChessBase"]
[SourceDate "2008.11.26"]
[SourceVersion "1"]
[SourceVersionDate "2008.11.26"]
[SourceQuality "1"]

1. e4 c5 2. Nf3 Nc6 3. d4 cxd4 4. Nxd4 Nf6 5. Nc3 e5 6. Ndb5 d6 7. Bg5 a6 8. Na3 b5 9. Bxf6 gxf6 10. Nd5 f5 11. Bd3 Be6 12. c3 Bg7 13. Qf3 Bxd5 14. exd5 e4 15. Qg3 Be5 16. f4 Bf6 17. 0-0-0 b4 18. dxc6 bxa3 19. Bc4 axb2+ 20. Kb1 Qc7 21. Qh3 0-0 22. Qxf5 Bxc3 23. Bd5 Rae8 24. Bxe4 Rxe4 25. Qxe4 Rc8 26. Rd3 Bg7 27. Rhd1 Qb6 28. Rxd6 Bf8 29. Rf6 Rd8 30. Re1 Rd4 31. Qf5 Qd8 32. Qg4+ Bg7 33. c7 Qxf6 34. Re8# 1-0

[Event "Koszalin op"]
[Site "Koszalin"]
[Date "2008.06.09"]
[Round "3"]
[White "Kucharski, Krzysztof"]
[Black "Szmidt, Przemyslaw"]
[Result "0-1"]
[WhiteElo "1879"]
[BlackElo "1939"]
[PlyCount "104"]
[EventDate "2008.06.07"]
[EventType "swiss"]
[EventRounds "9"]
[EventCountry "POL"]
[SourceTitle "EXT 2009"]
[Source "ChessBase"]
[SourceDate "2008.11.26"]
[SourceVersion "1"]
[SourceVersionDate "2008.11.26"]
[SourceQuality "1"]

1. e4 c5 2. Nf3 d6 3. d4 cxd4 4. Nxd4 Nf6 5. Nc3 a6 6. Bg5 Qc7 7. Be2 e6 8. 0-0 Be7 9. Kh1 h6 10. Bxf6 Bxf6 11. Qd2 Nc6 12. Nb3 0-0 13. f4 b5 14. a3 Bb7 15. Bd3 Rac8 16. Nd1 Qb6 17. c3 a5 18. Ne3 a4 19. Nc1 Na5 20. Qe2 Nc4 21. Ng4 Qd8 22. Na2 Rc5 23. Nb4 Qe7 24. Rad1 Rfc8 25. Bxc4 Rxc4 26. e5 dxe5 27. Nxe5 Bxe5 28. Qxe5 R8c5 29. Qe3 Qc7 30. Nc2 Qc6 31. Rf2 Re4 32. Rd8+ Kh7 33. Qd3 f5 34. h3 Rxf4 35. Re2 Qc7 36. Qd6 Qxd6 37. Rxd6 e5 38. Re6 Re4 39. Rxe4 Bxe4 40. Ne3 Kg8 41. Rd6 Kf7 42. Rd7+ Kf6 43. Kg1 h5 44. Kf2 f4 45. Nf1 Rd5 46. Rc7 Rd1 47. g3 Bd3 48. gxf4 Bxf1 49. fxe5+ Kxe5 50. Rxg7 Bxh3 51. c4 bxc4 52. Ra7 Bd7 0-1

[Event "Chojnice op-B 2nd"]
[Site "Chojnice"]
[Date "2006.??.??"]
[Round "3"]
[White "Kucharski, Krzysztof"]
[Black "Szatan, Rafal"]
[Result "1-0"]
[WhiteElo "1800"]
[BlackElo "1926"]
[PlyCount "81"]
[EventDate "2006.07.??"]
[EventType "swiss"]
[EventRounds "9"]
[EventCountry "POL"]
[SourceTitle "EXT 2007"]
[Source "ChessBase"]
[SourceDate "2006.11.23"]
[SourceVersion "1"]
[SourceVersionDate "2006.11.23"]
[SourceQuality "1"]

1. e4 d6 2. d4 Nf6 3. Nc3 g6 4. f4 Bg7 5. Nf3 c5 6. dxc5 Qa5 7. Bd3 Qxc5 8. Bd2 0-0 9. Qe2 Bd7 10. b4 Qc7 11. Rb1 a6 12. 0-0 Nc6 13. Kh1 b5 14. Nd5 Qb7 15. Ne3 Rac8 16. a4 Na7 17. e5 Nh5 18. Nd1 dxe5 19. fxe5 Bh8 20. Nf2 Ng7 21. Be3 Bf5 22. a5 Bxd3 23. Nxd3 Ne6 24. Ng5 Nxg5 25. Bxg5 Nc6 26. c3 Nd8 27. Nc5 Qa8 28. Bxe7 Re8 29. Bd6 Nb7 30. Qf3 Nxd6 31. exd6 Qxf3 32. Rxf3 Rc6 33. d7 Rd8 34. Re1 Kf8 35. Rfe3 Bf6 36. Re8+ Kg7 37. Rxd8 Bxd8 38. Re8 Rd6 39. g3 Bg5 40. Ne4 Rd1+ 41. Kg2 1-0